|
|
|
|
| LEADER |
00000cam a22000004a 4500 |
| 001 |
musev2_75901 |
| 003 |
MdBmJHUP |
| 005 |
20230905051835.0 |
| 006 |
m o d |
| 007 |
cr||||||||nn|n |
| 008 |
180613s2018 tnu o 00 0 eng d |
| 010 |
|
|
|z 2018028742
|
| 020 |
|
|
|a 9781621904311
|
| 020 |
|
|
|z 9781621904328
|
| 020 |
|
|
|z 9781621904304
|
| 020 |
|
|
|z 9781621906674
|
| 035 |
|
|
|a (OCoLC)1041227496
|
| 040 |
|
|
|a MdBmJHUP
|c MdBmJHUP
|
| 245 |
0 |
0 |
|a In Memory of Self and Comrades :
|b Thomas Wallace Colley's Recollections of Civil War Service in the 1st Virginia Cavalry /
|c edited by Michael K. Shaffer.
|
| 250 |
|
|
|a First edition.
|
| 264 |
|
1 |
|a Knoxville :
|b The University of Tennessee Press,
|c [2018]
|
| 264 |
|
3 |
|a Baltimore, Md. :
|b Project MUSE,
|c 2021
|
| 264 |
|
4 |
|c ©[2018]
|
| 300 |
|
|
|a 1 online resource (310 pages).
|
| 336 |
|
|
|a text
|b txt
|2 rdacontent
|
| 337 |
|
|
|a computer
|b c
|2 rdamedia
|
| 338 |
|
|
|a online resource
|b cr
|2 rdacarrier
|
| 490 |
0 |
|
|a Voices of the Civil War
|
| 588 |
|
|
|a Description based on print version record.
|
| 600 |
1 |
0 |
|a Colley, Thomas Wallace,
|d 1837-
|
| 610 |
1 |
7 |
|a Confederate States of America.
|b Army.
|b Virginia Cavalry Regiment, 1st.
|2 fast
|0 (OCoLC)fst00682426
|
| 610 |
1 |
0 |
|a Confederate States of America.
|b Army.
|b Virginia Cavalry Regiment, 1st.
|
| 651 |
|
7 |
|a United States.
|2 fast
|0 (OCoLC)fst01204155
|
| 651 |
|
0 |
|a United States
|x History
|y Civil War, 1861-1865
|v Personal narratives, Confederate.
|
| 655 |
|
7 |
|a Personal narratives
|v Confederate.
|2 fast
|0 (OCoLC)fst01423844
|
| 655 |
|
7 |
|a History.
|2 fast
|0 (OCoLC)fst01411628
|
| 655 |
|
7 |
|a Electronic books.
|2 local
|
| 700 |
1 |
|
|a Shaffer, Michael,
|d 1961-
|e editor.
|
| 710 |
2 |
|
|a Project Muse.
|e distributor
|
| 830 |
|
0 |
|a Book collections on Project MUSE.
|
| 856 |
4 |
0 |
|z Texto completo
|u https://projectmuse.uam.elogim.com/book/75901/
|
| 945 |
|
|
|a Project MUSE - Custom Collection
|
| 945 |
|
|
|a Project MUSE - Archive Complete Supplement IX
|
| 945 |
|
|
|a Project MUSE - Archive History Supplement IX
|